00738 2200253 4500001002100000005001500021035002000036007000300056008004100059020001800100082001400118084002000132100004100152245007100193250001200264300004300276650001200319650001300331264005300344336002100397337003000418338002300448990001300471INLIS00000000111896220220525013220 a0010-0522000108ta220525 0 ind  a9786233210607 a333.916 4 a333.916 4 POL i0 aPoltak Partogi NainggolanePengarang1 aIndonesia sebagai Poros Maritim Dunia /cPoltak Partogi Nainggolan aedisi 1 axiv, 444 halaman :bilustrasi ;c23 cm 4aMaritim 4aMaritime aJakarta :bYayasan Pustaka Obor Indonesia,c2020 2rdacontentaTeks 2rdamediaaTanpa Perantara 2rdacarrieraVolume a22/00007